[Event "GRE-ch U16 Girls"]
[Site "Patras"]
[Date "2019.06.29"]
[Round "5.6"]
[White "Tagkalaki, Ioanna Lambrini"]
[Black "Pessiridi, Christiana"]
[Result "0-1"]
[WhiteElo "1054"]
[BlackElo "1036"]
[PlyCount "54"]
[EventDate "2019.06.25"]
[EventType "swiss"]
[EventRounds "7"]
[EventCountry "GRE"]
[SourceTitle "EXT 2020"]
[Source "ChessBase"]
[SourceDate "2019.10.17"]
[SourceVersion "1"]
[SourceVersionDate "2019.10.17"]
[SourceQuality "1"]
[WhiteTeam "Greece"]
[BlackTeam "Greece"]
[WhiteTeamCountry "GRE"]
[BlackTeamCountry "GRE"]

1. e4 e5 2. Nf3 Nc6 3. Bc4 Bc5 4. d3 Nf6 5. 0-0 d6 6. c3 a6 7. Bb3 Qe7 8. Bg5 h6 9. Bh4 g5 10. Bg3 Be6 11. Bc2 0-0-0 12. b4 Bb6 13. Ba4 Bd7 14. b5 axb5 15. Bxb5 Nb8 16. Qb3 Rdg8 17. a4 h5 18. Na3 h4 19. Rfb1 hxg3 20. Bxd7+ Nbxd7 21. a5 Bxf2+ 22. Kf1 Nc5 23. Qc4 Ng4 24. Qb5 c6 25. Qb4 Nxh2+ 26. Nxh2 gxh2 27. Kxf2 Nxd3+ 0-1

[Event "GRE-ch U14 Girls"]
[Site "Achaia"]
[Date "2017.07.02"]
[Round "7"]
[White "Pessiridi, Christiana"]
[Black "Koukouraki, Hrisi"]
[Result "0-1"]
[WhiteElo "1067"]
[BlackElo "1258"]
[PlyCount "82"]
[EventDate "2017.06.26"]
[EventType "swiss"]
[EventRounds "7"]
[EventCountry "GRE"]
[SourceTitle "CBM 179 Extra"]
[Source "ChessBase"]
[SourceDate "2017.08.23"]
[SourceVersion "1"]
[SourceVersionDate "2017.08.23"]
[SourceQuality "1"]

1. e4 e6 2. Nc3 d5 3. exd5 exd5 4. d4 c6 5. Nf3 Bd6 6. Bd3 Bg4 7. h3 Bh5 8. 0-0 Ne7 9. Be2 0-0 10. Qd3 Bg6 11. Qd2 Nd7 12. Nh4 Nf6 13. Nxg6 Nxg6 14. Bd3 Nf4 15. Qe3 Re8 16. Qf3 Qc7 17. Ne2 Nxd3 18. cxd3 Re6 19. Bf4 Bxf4 20. Nxf4 Re7 21. h4 Qb6 22. Ne2 Qxb2 23. Rfe1 Rae8 24. Rab1 Qa3 25. Rb3 Qxa2 26. Nc1 Rxe1+ 27. Kh2 Rxc1 28. Rxb7 Rc2 29. Qg3 Rxf2 30. Kh3 Rxg2 31. Qb8 Rh2+ 32. Qxh2 Qxh2+ 33. Kxh2 h6 34. Rxa7 Re3 35. Ra3 Nh5 36. Kg2 Nf4+ 37. Kf2 Rxd3 38. Rxd3 Nxd3+ 39. Ke2 Nf4+ 40. Ke3 Ng2+ 41. Kd3 Nxh4 0-1

[Event "GRE-ch U14 Girls"]
[Site "Achaia"]
[Date "2017.06.29"]
[Round "4"]
[White "Pessiridi, Christiana"]
[Black "Gkolfinopoulou, Marina"]
[Result "0-1"]
[WhiteElo "1067"]
[BlackElo "1130"]
[PlyCount "102"]
[EventDate "2017.06.26"]
[EventType "swiss"]
[EventRounds "7"]
[EventCountry "GRE"]
[SourceTitle "CBM 179 Extra"]
[Source "ChessBase"]
[SourceDate "2017.08.23"]
[SourceVersion "1"]
[SourceVersionDate "2017.08.23"]
[SourceQuality "1"]

1. e4 e5 2. Nc3 Nc6 3. Bc4 Bc5 4. d3 d6 5. f4 Bxg1 6. Rxg1 Qh4+ 7. g3 Qh3 8. Nd5 Kd8 9. f5 Qxh2 10. Rf1 Qxg3+ 11. Rf2 Nd4 12. Be3 c6 13. Bxd4 cxd5 14. Bxe5 dxe5 15. Bxd5 Nf6 16. Bxf7 Ng4 17. Qd2 Qxf2+ 18. Qxf2 Nxf2 19. Kxf2 Rf8 20. Bd5 g6 21. Ke2 gxf5 22. exf5 Rxf5 23. Rd1 Rf8 24. d4 Bg4+ 25. Kd2 Bxd1 26. Kxd1 exd4 27. Kd2 Rb8 28. Kd3 h5 29. Kxd4 h4 30. c4 h3 31. c5 h2 32. b4 Rf1 33. Bg2 Rg1 34. Bf3 h1Q 35. Bxh1 Rxh1 36. Kc4 Rc8 37. Kb5 Rc6 38. a4 Rc1 39. Ka5 a6 40. b5 R1xc5 41. Kb4 axb5 42. axb5 Rc4+ 43. Ka5 R6c5 44. Kb6 Rc1 45. Ka5 Rd1 46. Kb6 Rdd5 47. Ka7 Rxb5 48. Ka8 Rd6 49. Kb8 Rc6 50. Ka8 Kc8 51. Ka7 Ra6# 0-1